000 00870nam a2200229 i 4500
001 189050
003 SpMaBN
005 20240103183018.0
008 190326s2017 sp a |||| |bspa d
020 _a978-84-608-5660-3
080 _a929 Floridablanca, José Moñico, Conde de
100 1 _aLópez Delgado, Juan Antonio.
_973607
245 1 0 _aVida de Floridablanca /
_cJuan Antonio López Delgado.
260 _aMurcia :
_bJ.A. López Delgado,
_c2017.
300 _a443 p. :
_bil. ;
_c22 cm.
504 _aReferencias bibliográficas.
600 1 7 _aFloridablanca, José Moñino
_cConde de.
_951333
852 _aES-MaACL
_jA-14440
_9196187
_bR.151906
_cDEPO1
_dOlim: N-7440
_gDedicatoria autógrafa del autor
_hDonación: Juan Antonio López Delgado
903 _973607
_aLópez Delgado, Juan Antonio
_ednr
942 _2udc
_cMONOGRAFIA
999 _c189050
_d189050